Statistics for Countries where French is spoken

Click here to take the quiz!

General Stats

  • This quiz has been taken 29 times
  • The average score is 31 of 37

Answer Stats

ContinentCountries% Correct
EuropeFrance
100%
AfricaSenegal
100%
EuropeSwitzerland
100%
AfricaAlgeria
96%
EuropeBelgium
96%
AfricaBenin
96%
AfricaChad
96%
AfricaEquatorial Guinea
96%
AfricaGuinea
96%
AfricaMali
96%
AfricaNiger
96%
AfricaTunisia
96%
AfriaIvory Coast
92%
EuropeMonaco
88%
AfricaMorocco
88%
AfricaTogo
88%
North AmericaCanada
83%
Africa(DRC) Democratic Republic of the Congo
83%
EuropeLuxembourg
83%
AfricaRepublic of the Congo
83%
AfricaBurkina Faso
79%
AfricaBurundi
79%
AfricaCameroon
79%
AfricaGabon
79%
North AmericaHaiti
79%
AfricaRwanda
79%
AfricaSeychelles
79%
AfricaComoros
75%
AfricaMadagascar
75%
AsiaCambodia
71%
AfricaDjibouti
71%
AsiaVietnam
71%
AsiaLaos
67%
AfricaMauritius
67%
OceaniaVanuatu
63%
AfricaC.A.R (Central African Republic)
46%
AsiaLebanon
46%

Score Distribution

Percentile by Number Answered

Percent of People with Each Score

Your Score History

You have not taken this quiz